[Event "Oberliga Bayern 1415"]
[Site "Germany"]
[Date "2015.03.15"]
[Round "8.2"]
[White "Lavrinenkov, Vadim"]
[Black "Nestorovic, Nikola"]
[Result "0-1"]
[WhiteElo "2208"]
[BlackElo "2459"]
[PlyCount "76"]
[EventDate "2014.10.19"]
[EventType "team-tourn"]
[EventRounds "9"]
[EventCountry "GER"]
[SourceTitle "EXT 2016"]
[Source "ChessBase"]
[SourceDate "2015.10.08"]
[SourceVersion "1"]
[SourceVersionDate "2015.10.08"]
[SourceQuality "1"]
[WhiteTeam "Kriegshaber"]
[BlackTeam "Goeggingen"]
[WhiteTeamCountry "GER"]
[BlackTeamCountry "GER"]

1. d4 Nf6 2. Nf3 e6 3. c4 d5 4. Nc3 c6 5. e3 Nbd7 6. Qc2 Bd6 7. Bd3 0-0 8. e4 dxc4 9. Bxc4 e5 10. h3 b5 11. Be2 Re8 12. Bg5 h6 13. Bxf6 Qxf6 14. d5 Bb4 15. 0-0 a6 16. dxc6 Qxc6 17. a4 Rb8 18. axb5 axb5 19. Nd2 Nc5 20. Nb3 Ne6 21. Rac1 Nf4 22. Nd5 Qg6 23. Nxf4 exf4 24. Kh2 Bb7 25. f3 Qg3+ 26. Kh1 Bc8 27. Bd3 Rd8 28. Rcd1 Be6 29. Nc1 Rbc8 30. Qe2 Rc5 31. e5 g6 32. Bxb5 Rxd1 33. Rxd1 Bxh3 34. Ba4 Rxe5 35. Qc2 Bxg2+ 36. Qxg2 Rh5+ 37. Kg1 Bc5+ 38. Kf1 Rh1+ 0-1

[Event "Oberliga Bayern 1415"]
[Site "Germany"]
[Date "2015.01.18"]
[Round "5.3"]
[White "Lavrinenkov, Vadim"]
[Black "Billing, Christian"]
[Result "1/2-1/2"]
[WhiteElo "2208"]
[BlackElo "2220"]
[PlyCount "126"]
[EventDate "2014.10.19"]
[EventType "team-tourn"]
[EventRounds "9"]
[EventCountry "GER"]
[SourceTitle "EXT 2016"]
[Source "ChessBase"]
[SourceDate "2015.10.08"]
[SourceVersion "1"]
[SourceVersionDate "2015.10.08"]
[SourceQuality "1"]
[WhiteTeam "Kriegshaber"]
[BlackTeam "Dillingen"]
[WhiteTeamCountry "GER"]
[BlackTeamCountry "GER"]

1. d4 d5 2. Nf3 Nf6 3. Bf4 g6 4. e3 Bg7 5. c4 c6 6. Nc3 0-0 7. cxd5 Nxd5 8. Be5 Bg4 9. Bxg7 Kxg7 10. Bc4 Nxc3 11. bxc3 Qa5 12. Qc2 Bxf3 13. gxf3 Nd7 14. Ke2 Rae8 15. h4 Qh5 16. Rag1 h6 17. Qb1 b5 18. Bd3 e5 19. Bf5 exd4 20. Bxd7 Rd8 21. Qf5 Qxf5 22. Bxf5 dxc3 23. Bd3 c5 24. Rd1 c4 25. Bc2 a5 26. Rxd8 Rxd8 27. Rd1 Rxd1 28. Kxd1 Kf6 29. f4 Ke6 30. Be4 Kd6 31. Kc2 b4 32. Bb7 Kc5 33. Be4 Kd6 34. Bb7 Kc5 35. Ba6 f6 36. Bc8 Kd5 37. Bd7 Ke4 38. Bc6+ Kf5 39. f3 Ke6 40. Be8 g5 41. fxg5 fxg5 42. hxg5 hxg5 43. Ba4 Kd5 44. Bb5 Kc5 45. Be8 Kd6 46. a4 Ke6 47. Bg6 Kf6 48. Bh7 Kf7 49. Bf5 Ke7 50. f4 gxf4 51. exf4 Kd6 52. Bh7 Kd5 53. Bg8+ Kd4 54. f5 b3+ 55. Kc1 Kd3 56. Bxc4+ Kxc4 57. f6 Kd3 58. f7 b2+ 59. Kb1 c2+ 60. Kxb2 Kd2 61. f8Q c1Q+ 62. Ka2 Qc4+ 63. Ka3 Qc3+ 1/2-1/2

[Event "Oberliga Bayern 1415"]
[Site "Germany"]
[Date "2014.11.23"]
[Round "3.3"]
[White "Lavrinenkov, Vadim"]
[Black "Koepke, Christian"]
[Result "0-1"]
[WhiteElo "2208"]
[BlackElo "2324"]
[PlyCount "178"]
[EventDate "2014.10.19"]
[EventType "team-tourn"]
[EventRounds "9"]
[EventCountry "GER"]
[SourceTitle "EXT 2016"]
[Source "ChessBase"]
[SourceDate "2015.10.08"]
[SourceVersion "1"]
[SourceVersionDate "2015.10.08"]
[SourceQuality "1"]
[WhiteTeam "Kriegshaber"]
[BlackTeam "Garching"]
[WhiteTeamCountry "GER"]
[BlackTeamCountry "GER"]

1. d4 d5 2. c4 c6 3. Nf3 Nf6 4. e3 Bf5 5. Nc3 a6 6. Be2 h6 7. 0-0 e6 8. b3 Nbd7 9. Bb2 Bd6 10. Bd3 Ne4 11. Bxe4 dxe4 12. Nd2 Nf6 13. h3 Bb8 14. f4 g5 15. Ne2 Rg8 16. Kh2 g4 17. Qe1 Nh5 18. Ng3 gxh3 19. Nxh5 hxg2 20. Rg1 Qg5 21. Ng3 Qh4+ 22. Kxg2 Bh3+ 23. Kf2 Bxf4 24. Ndxe4 f5 25. Nf6+ Kf7 26. exf4 Qxf6 27. Ke3 c5 28. Qa5 Rg4 29. Qc7+ Kg6 30. Qe5 Qxe5+ 31. dxe5 Rd8 32. Bc3 h5 33. Be1 Rd4 34. Ne2 Re4+ 35. Kd3 Rxe2 36. Rh1 Bg2 37. Rh2 Rb2 38. Ke3 Rc2 39. Rd1 Be4 40. Rxc2 Bxc2 41. Rd6 Kf7 42. Rd7+ Kg8 43. Re7 Be4 44. Rxe6 Kh7 45. Re7+ Rg7 46. Bh4 Rxe7 47. Bxe7 Kg6 48. Bh4 Kf7 49. Kd2 Ke6 50. a4 Kd7 51. a5 Bg2 52. Bf2 Be4 53. Bxc5 h4 54. Bg1 h3 55. Ke3 Bc2 56. b4 Bb3 57. Kd3 Kc6 58. Kd4 Ba2 59. Kc3 Bb1 60. Bh2 Ba2 61. Kd4 Bb3 62. Bg1 Ba2 63. e6 Kd6 64. e7 Kxe7 65. b5 axb5 66. cxb5 Kd6 67. Kc3 Kd5 68. a6 bxa6 69. b6 Kc6 70. Kb4 Bb1 71. Ka5 Bd3 72. Bh2 Kb7 73. Bg1 Bf1 74. Bh2 Bg2 75. Bg1 Be4 76. Bh2 Bd5 77. Bg1 Bf3 78. Bh2 Bh1 79. Bg1 Bc6 80. Bh2 Bb5 81. Bg1 Be2 82. Bh2 Bd3 83. Bg1 Bf1 84. Bh2 Bc4 85. Bg1 Be6 86. Kb4 Kc6 87. Kc3 Bc8 88. Kc4 a5 89. Kc3 Kd5 0-1

[Event "Bayern-ch"]
[Site "Rosenheim"]
[Date "2014.08.26"]
[Round "5"]
[White "Lavrinenkov, Vadim"]
[Black "Hilverda, Alexander"]
[Result "0-1"]
[WhiteElo "2178"]
[BlackElo "2301"]
[PlyCount "76"]
[EventDate "2014.08.23"]
[EventType "swiss"]
[EventRounds "9"]
[EventCountry "GER"]
[SourceTitle "EXT 2015"]
[Source "ChessBase"]
[SourceDate "2014.11.20"]
[SourceVersion "1"]
[SourceVersionDate "2014.11.20"]
[SourceQuality "1"]

1. d4 d5 2. Nf3 Nf6 3. c4 c6 4. Nc3 dxc4 5. a4 Bf5 6. e3 e6 7. Bxc4 Bb4 8. 0-0 0-0 9. Bd3 Bg4 10. Qb3 Qe7 11. Ne5 c5 12. dxc5 a5 13. Nxg4 Nxg4 14. Nb5 Nd7 15. Qc2 Qh4 16. h3 Nge5 17. b3 Rac8 18. Be2 Nxc5 19. Qb1 Rfd8 20. Bb2 Ng6 21. Bd4 Ne4 22. Ra2 Nd2 23. Rxd2 Bxd2 24. Bf3 Qe7 25. Qb2 Bb4 26. Bxg7 e5 27. Bh6 Qh4 28. Bxb7 Rb8 29. Bf3 Qxh6 30. Qc2 Rbc8 31. Qf5 Nh4 32. Qg4+ Kh8 33. Bb7 Rb8 34. Be4 Rg8 35. Qd7 Rg7 36. Qc7 Rbg8 37. Bd5 e4 38. Bxe4 f5 0-1